| 000 | 00931nam a22002297a 4500 | ||
|---|---|---|---|
| 999 |
_c19835 _d19835 |
||
| 003 | AR-CdUCM | ||
| 008 | 190522b ||||| |||| 00| 0 spa d | ||
| 040 |
_aMUNICIPALIDAD PROVINCIAL DEL CUSCO _cBIBLIOTECA MUNICIPAL DEL CUSCO |
||
| 041 | _heng | ||
| 082 |
_a371.3 / _bN38 |
||
| 100 |
_aNelson, Clarence Herbert _941470 |
||
| 245 | _aMediciones y evaluación en el aula / | ||
| 260 |
_aBuenos Aires : _bEdit. Kapelusz, _c1971. |
||
| 300 |
_a143 páginas ; _bIlustraciones, _c24 cm. |
||
| 440 |
_aBiblioteca de cultura pedagógica _936606 |
||
| 505 | _aContenido: Naturaleza de la medición y de la evaluación -- Funciones de la medición y de la evaluación en la clase -- El papel de los objetivos de la enseñanza en la medición y la evaluación en la escuela... | ||
| 650 |
_aMediciones _917226 |
||
| 650 |
_aPruebas educativas _917227 |
||
| 650 |
_aPedagogía _91560 |
||
| 942 |
_2ddc _cLIBROS |
||
| 945 |
_adavv _d2019-05-22 |
||